000 00329nam a2200133Ia 4500
005 20260328101511.0
008 260328s9999||||xx |||||||||||||| ||und||
100 _aVenturelli, Enzo
245 0 _aUrbanistica Spaziale /
_cEnzo Venturelli
260 _bFratelli Pozzo
300 _a169 p.
650 _aDISEÑO URBANO
942 _cBK
999 _c9220
_d9220